000 00945nam0a22002531 4500
001 rc\4078293
005 20260408003019.0
021 _aRU
_b[53-8606]
035 _a(NLR Aleph) 008124376
090 _a9383701
_c9383701
100 _a20130415d1953 |||y0rusy50 ca
101 0 _arus
102 _aRU
105 _aa z |||||
200 1 _aИнструкция по эксплуатации пневматического ключа
_eТип И-51-А
_fЗавод "Пневмостроймашина"
210 _a[Свердловск
_cБ. и.
_d1953]
215 _a13 с., 1 л. черт.
_d20
606 _aГаечные ключи, пневматические
_2psbo
712 0 2 _a"Пневмостроймашина", завод им. Орджоникидзе
_cСвердловск
_3RU\NLR\AUTH\8810167510
_9830846
801 0 _aRU
_bNLR
_gpsbo
801 1 _aRU
_bELAR
_2rusmarc
852 _aNLR
_jТ36 Г-4/2019
942 _cBOOK
980 _aNB